Invitation to psychology / (Record no. 4134)

MARC details
000 -LEADER
fixed length control field 01041cac a22003011u 4500
090 ## - LOCALLY ASSIGNED LC-TYPE CALL NUMBER (OCLC); LOCAL CALL NUMBER (OCLC)
-- 4134
008 - FIXED-LENGTH DATA ELEMENTS--GENERAL INFORMATION
fixed length control field 081105t2005 xxu||||| |||| 00| 0 eng d
010 ## - LIBRARY OF CONGRESS CONTROL NUMBER
LC control number 2003065604
020 ## - INTERNATIONAL STANDARD BOOK NUMBER
International Standard Book Number 0131146246 (college)
020 ## - INTERNATIONAL STANDARD BOOK NUMBER
International Standard Book Number 013189868X (professional)
020 ## - INTERNATIONAL STANDARD BOOK NUMBER
International Standard Book Number 0131920200 (school)
022 ## - INTERNATIONAL STANDARD SERIAL NUMBER
International Standard Serial Number 0132238934
082 00 - DEWEY DECIMAL CLASSIFICATION NUMBER
Classification number 150
Item number WAD
100 ## - MAIN ENTRY--PERSONAL NAME
Personal name Wade, Carole.
245 10 - TITLE STATEMENT
Title Invitation to psychology /
Statement of responsibility, etc Carole Wade, Carol Tavris.
250 ## - EDITION STATEMENT
Edition statement 3rd ed.
Remainder of edition statement Study ed.
260 ## - PUBLICATION, DISTRIBUTION, ETC. (IMPRINT)
Place of publication, distribution, etc Upper Saddle River, N.J. :
Name of publisher, distributor, etc Pearson/Prentice Hall,
Date of publication, distribution, etc c2005.
300 ## - PHYSICAL DESCRIPTION
Extent xx, 571 p. :
Other physical details ill. (chiefly col.) ;
Dimensions 28 cm.
500 ## - GENERAL NOTE
General note Study Edition.
500 ## - GENERAL NOTE
General note One copy Distributed by Dar Fathy Taha Mohamed Desoukey
504 ## - BIBLIOGRAPHY, ETC. NOTE
Bibliography, etc Includes bibliographical references and indexes.
511 ## - PARTICIPANT OR PERFORMER NOTE
Participant or performer note Catalogued by: Sara
650 #0 - SUBJECT ADDED ENTRY--TOPICAL TERM
Topical term or geographic name as entry element Psychology
Form subdivision Textbooks.
700 1# - ADDED ENTRY--PERSONAL NAME
Personal name Tavris, Carol.
942 ## - ADDED ENTRY ELEMENTS (KOHA)
Item type Book - Borrowing
Call number prefix 150WAD
Source of classification or shelving scheme Dewey Decimal Classification
Holdings
Withdrawn status Item status Damaged status Not for loan Home library Current library Shelving location Date acquired Source of acquisition Total Checkouts Total Renewals Full call number Barcode Date last seen Date last borrowed Koha item type Cost, replacement price
        Central Library Central Library Lower Floor 22/08/2007 Purchase 10 21 150WAD 000000099 15/07/2025 28/10/2020 Book - Borrowing  
        Central Library Central Library Lower Floor 22/08/2007 Purchase 5 13 150WAD 000010997 15/07/2025 03/11/2020 Book - Borrowing 50.00